000 00686nam a22002297a 4500
003 UA-OsUOA
001 49982
007 ta
008 20140507b un ||||| |||| 00| 0 ukr d
090 _a94(367)
_bС47
942 _cBK
040 _aUA-OsUOA
_brus
_cUA-OsUOA
_dUA-OsUOA
245 _aСлавяно-молдавские летописи XV-XVI вв.
300 _a150 с.
955 _a1
041 _arus
080 _a94(367)
260 _aМосква
_bНаука
_c1976
650 7 _a9 Географія. Біографії. Історія
_2UDC
999 _c430099
_d430099